000 00671nam a2200181 i 4500
001 81166
003 ES-MaACL
005 20230906174400.0
007 t|
008 041103s1953 sp ||||1| spa d
080 _a929 García Moreno, Melchor
245 0 0 _aHomenaje de los escritores, libreros y editores de Madrid
_b: (en la imposición de la Medalla al Mérito en el Trabajo al Presidente del Gremio de Libreros de Madrid, Melchor García Moreno...).
260 _aMadrid :
_b[s.n.],
_c1953 (
_eMadrid :
_fSáez)
300 _a37 p. ;
_c17 cm.
600 1 4 _aGarcía Moreno, Melchor.
_955001
700 1 _aGarcía Moreno, Melchor.
_955001
852 4 _a BA
_j1681-F-12
999 _c81166
_d81166